What it costs (Record no. 81185)

MARC details
000 -LEADER
fixed length control field 00838cab a22001935a 4500
001 - CONTROL NUMBER
control field L146550
008 - FIXED-LENGTH DATA ELEMENTS--GENERAL INFORMATION
fixed length control field 09023 e20090130xxkd f 000 0 eng d
035 ## - SYSTEM CONTROL NUMBER
System control number (Sirsi) u146550
041 0# - LANGUAGE CODE
Language code of text/sound track or separate title eng
100 1# - MAIN ENTRY--PERSONAL NAME
Personal name Mayer, Peter
245 00 - TITLE STATEMENT
Title What it costs
Remainder of title synthetic resin floors
260 ## - PUBLICATION, DISTRIBUTION, ETC.
Date of publication, distribution, etc. 2009
490 #0 - SERIES STATEMENT
Series statement Building
Volume/sequential designation 274 (8564) 30 January 2009, 62 (1)
520 ## - SUMMARY, ETC.
Summary, etc. Discusses the different types of synthetic resin floors, their use and service life, their performance qualities, designs, installation and maintenance issues. Table shows for synthetic resin flooring and duty classes the following information: capital cost per square meter; lifecycle cost over 60 years per square meter; and expected service life.
590 ## - LOCAL NOTE (RLIN)
Local note KA
651 #4 - SUBJECT ADDED ENTRY--GEOGRAPHIC NAME
Geographic name England and Wales
Chronological subdivision 1543-
690 ## - LOCAL SUBJECT ADDED ENTRY--TOPICAL TERM (OCLC, RLIN)
Topical term or geographic name as entry element BUILT ENVIRONMENT-BUILDING COSTS
942 ## - ADDED ENTRY ELEMENTS (KOHA)
Suppress in OPAC 0
Holdings
Withdrawn status Lost status Source of classification or shelving scheme Damaged status Not for loan Home library Current library Shelving location Date acquired Total Checkouts Full call number Barcode Date last seen Copy number Price effective from Koha item type
    Dewey Decimal Classification     London London Journal article 03/02/2009   L146550 146550-1001 06/08/2019 1 06/08/2019 Journal article